| 000 | 00378nam a2200145Ia 4500 | ||
|---|---|---|---|
| 008 | 230312s9999||||xx |||||||||||||| ||und|| | ||
| 020 | _a9781821209222 | ||
| 082 |
_a500 _bSCI |
||
| 245 | 0 | _aScientifica | |
| 260 | _bWillennium House | ||
| 300 | _a512 | ||
| 546 | _aEng. | ||
| 650 |
_aEconomics _vMathematics, Physics,Astronom, Biology, Chemistry, Geology, Medicine |
||
| 942 | _cBK | ||
| 999 |
_c4565 _d4565 |
||